| 000 | 00662nam a2200229 a 4500 | ||
|---|---|---|---|
| 008 | |||
| 020 | _a0273025813 (pbk.) | ||
| 049 | _aMAIN | ||
| 090 |
_aKD1715 _bFID |
||
| 100 | _aFidler, P. J. M. | ||
| 245 | 0 |
_aSheldon and Fidler's practice and law of banking / _cP. J. M. Fidler, assisted by M. I. Freeman. |
|
| 250 | _a11th ed. | ||
| 260 |
_aLondon : _bPitman Publishing, 1982. |
||
| 300 |
_aliv, 792 p. ; _c21 cm. |
||
| 500 | _aIncludes index. | ||
| 650 |
_aBanking _xLaw. |
||
| 907 |
_a.b10094982 _b03-01-11 _c24-11-03 |
||
| 003 | |||
| 005 | 20230123133517.0 | ||
| 040 | _cNUST | ||
| 942 |
_cBOOKS _kKD1715 _mFID |
||
| 999 |
_c149836 _d149836 |
||